S. Thomae Aquinatis doctoris angelici. Expositio continúa super quattuor evangelistas ex latinis et graecis auctoribus,...

Detalles Bibliográficos
Autor principal: Juan Nicolás
Formato: Libro
Publicado: París 1869
Materias:
Colección:Banco de datos
Acervo:Biblioteca del Convento de San Pablo. Yuririahupándaro. Guanajuato
Descripción Física:t. I
Tema general:Biblia
Notas:Buena. Ex libris de Felipe Castañón. 2L1, 8.
LEADER 00746nam a22002050004500
035 |a 38178 
036 |a 3819 
100 1 |a Juan Nicolás 
245 1 0 |a S. Thomae Aquinatis doctoris angelici. Expositio continúa super quattuor evangelistas ex latinis et graecis auctoribus,... 
260 |a París  |b Luis Vives ed.  |c 1869 
300 |a t. I 
500 |a Buena. Ex libris de Felipe Castañón. 2L1, 8. 
650 1 0 |a Biblia 
949 |a CRG-CY 
959 |a Ex convento de San Pablo, Museo Regional de Yuririahpúndaro, Guanajuato  |b CCC9 
960 |a Convento San Pablo Yuririahpúndaro, Guanajuato  |b DD86 
961 |a Agustina  |b OA 
942 |c CRG-CY 
943 |g Biblioteca del Convento de San Pablo. Yuririahupándaro. Guanajuato 
999 |c 958844  |d 958844